=LDR 00000nam 2200000 4500 =001 INLIS000000000026784 =005 20130612125216 =008 ***********************************ind** =035 ##$$0010-061300000026784 =041 ##$$a ind =082 ##$$a 811 =090 ##$$a 811, RAY d =100 ##$$a Rayes, Dinullah =245 ##$$a Damai dalam badai, Dinullah Rayes =260 ##$$a 2007 $b Mataram NTB =300 ##$$a vii, 70 hlm., 22 cm =650 ##$$a Puisi Indonesai =850 ##$$a NBPNMAT =990 ##$$a 1283512835 =990 ##$$a 01201436165